000 00686nam a2200193Ia 4500
003 GCL
008 140319s9999 xx 000 0 ara d
040 _aGCL /
_cGCL
082 0 4 _a364.1
_bي ب
100 1 _aيسرى دعبس
245 1 0 _aالبلطجة :
_bرؤية فى انثروبولوجيا الجريمة /
_cيسرى دعبس
260 _aالقاهرة :
_bالملتقى المصرى للابداع والتنمية ،
_c1998
300 _a402 ص ؛
_c24 سم
650 0 4 _aالجريمة والمجرمون
650 0 4 _aالارهاب
650 0 4 _aالاجتماع الجنائى، علم
650 0 4 _aالجريمة والمجرمون - مصر
942 _2ddc
_cBK
999 _c5154
_d5154